000 00363nam a2200133Ia 4500
008 240624s9999 xx 000 0 und d
041 _aeng
082 _a330.954 NOB
100 _aNOBREGA WILLIAM
245 _aRIDING THE INDIAN TIGER UNDERSTANDING IN
260 _c2008
_aNew Jersey
_bJohn Wiley and Sons
300 _axvi, : 253 : p. : cm. ; 24
365 _c
_b30
999 _c12796
_d12796